Poisťovacie podvody pri poistení majetku

Trestno-právna úprava poisťovacieho podvodu. Metódy na odhalenie poistných podvodov. Poistenie motorových vozidiel. Fingované krádeže motorových vozidiel. Poistenie pre prípad poškodenia alebo zničenia veci živelnými udalosťami. Poistenie veci pre prípad krádeže. Poistné riziko pre prípad poškodenia...

Celý popis

Uložené v:
Podrobná bibliografia
Hlavný autor: Kašiar, Ján
Médium: Kapitola
Jazyk:Slovak
Predmet:
Tagy: Pridať tag
Žiadne tagy, Buďte prvý, kto otaguje tento záznam!

MARC

LEADER 00000naa a2200000 4500
001 0238319
005 20171220090702.3
041 0 |a slo 
044 |a SK 
245 1 0 |a Poisťovacie podvody pri poistení majetku  |c Ján Kašiar 
520 |a Trestno-právna úprava poisťovacieho podvodu. Metódy na odhalenie poistných podvodov. Poistenie motorových vozidiel. Fingované krádeže motorových vozidiel. Poistenie pre prípad poškodenia alebo zničenia veci živelnými udalosťami. Poistenie veci pre prípad krádeže. Poistné riziko pre prípad poškodenia alebo zničenia veci vodou z vodovodných zariadení. Praktické príklady. 
610 2 0 |a poistenie majetku 
610 2 0 |a škody 
610 2 0 |a podvody poisťovacie 
610 2 0 |a legislatíva 
610 2 0 |a právo trestné 
610 2 0 |a vozidlá motorové 
610 2 0 |a domácnosti 
100 1 |a Kašiar, Ján